ბათუმის შოთა რუსთაველის სახელმწიფო უნივერსიტეტის ბიბლიოთეკა

ICI 2. Cahier d'exercices A2 / (ბიბ.ჩანაწერი № 51308)

000 -LEADER
fixed length control field 00744nam a2200253Ia 4500
001 - CONTROL NUMBER
control field 18277
003 - CONTROL NUMBER IDENTIFIER
control field GE_BSU
005 - DATE AND TIME OF LATEST TRANSACTION
control field 20230314112210.0
008 - FIXED-LENGTH DATA ELEMENTS--GENERAL INFORMATION
fixed length control field 181216s2008||||fr |||||||||||||| ||fre||
020 ## - INTERNATIONAL STANDARD BOOK NUMBER
International Standard Book Number 9782090353075
040 ## - CATALOGING SOURCE
Transcribing agency GE_BSU
041 ## - LANGUAGE CODE
Language code of text/sound track or separate title fre
080 ## - UNIVERSAL DECIMAL CLASSIFICATION NUMBER
Universal Decimal Classification number 811.133.1 I-33
245 ## - TITLE STATEMENT
Title ICI 2. Cahier d'exercices A2 /
Statement of responsibility, etc. D. Abry, Y. Daas, C. Fert... ; Edition Virginie Poitrasson.
264 ## - PRODUCTION, PUBLICATION, DISTRIBUTION, MANUFACTURE, AND COPYRIGHT NOTICE
Place of production, publication, distribution, manufacture Paris :
Name of producer, publisher, distributor, manufacturer CLE International,
Date of production, publication, distribution, manufacture, or copyright notice 2008.
300 ## - PHYSICAL DESCRIPTION
Extent 62 p. :
Other physical details ill. ;
Dimensions 30 cm.
Accompanying material +1CD.
653 ## - INDEX TERM--UNCONTROLLED
keyword ICI 2. Cahier d'exercices A2
700 ## - ADDED ENTRY--PERSONAL NAME
Personal name Abry, D.
Relator term by
9 (RLIN) 12725
700 ## - ADDED ENTRY--PERSONAL NAME
Personal name Daas, Y.
Relator term by
9 (RLIN) 17197
700 ## - ADDED ENTRY--PERSONAL NAME
Personal name Fert, C.
Relator term by
9 (RLIN) 17198
700 ## - ADDED ENTRY--PERSONAL NAME
Personal name Poitrasson, Virginie
Relator term Edition
9 (RLIN) 12727
942 ## - ADDED ENTRY ELEMENTS (KOHA)
Koha item type წიგნი
Source of classification or shelving scheme
ეგზემპლარები
Withdrawn status Lost status Source of classification or shelving scheme Damaged status Not for loan Permanent Location Current Location Shelving location Date acquired Cost, normal purchase price Full call number Barcode Date last seen Copy number Price effective from Koha item type Public note Coded location qualifier
          ბათუმის შოთა რუსთაველის სახელმწიფო უნივერსიტეტის მთავარი ბიბლიოთეკა ბათუმის შოთა რუსთაველის სახელმწიფო უნივერსიტეტის მთავარი ბიბლიოთეკა წიგნსაცავი 2018-12-17 41.75 811.133.1 I-33 46535 2018-12-17 46535 2018-12-17 წიგნი 41.75 GEL.  
          ბათუმის შოთა რუსთაველის სახელმწიფო უნივერსიტეტის მთავარი ბიბლიოთეკა ბათუმის შოთა რუსთაველის სახელმწიფო უნივერსიტეტის მთავარი ბიბლიოთეკა წიგნსაცავი 2018-12-17 34.50 811.133.1 I-33 57650 2018-12-17 57650 2018-12-17 წიგნი 34.50 GEL..  
          ბათუმის შოთა რუსთაველის სახელმწიფო უნივერსიტეტის მთავარი ბიბლიოთეკა ბათუმის შოთა რუსთაველის სახელმწიფო უნივერსიტეტის მთავარი ბიბლიოთეკა წიგნსაცავი 2018-12-17   811.133.1 I-33 57651 2018-12-17 57651 2018-12-17 წიგნი 34.50 GEL. 34.50 GEL.
          ბათუმის შოთა რუსთაველის სახელმწიფო უნივერსიტეტის მთავარი ბიბლიოთეკა ბათუმის შოთა რუსთაველის სახელმწიფო უნივერსიტეტის მთავარი ბიბლიოთეკა წიგნსაცავი 2018-12-17 34.50 811.133.1 I-33 57805 2018-12-17 57805 2018-12-17 წიგნი 34.50 GEL.  
          ბათუმის შოთა რუსთაველის სახელმწიფო უნივერსიტეტის მთავარი ბიბლიოთეკა ბათუმის შოთა რუსთაველის სახელმწიფო უნივერსიტეტის მთავარი ბიბლიოთეკა წიგნსაცავი 2018-12-17 34.50 811.133.1 I-33 57833 2018-12-17 57833 2018-12-17 წიგნი 34.50 GEL.  
          ბათუმის შოთა რუსთაველის სახელმწიფო უნივერსიტეტის მთავარი ბიბლიოთეკა ბათუმის შოთა რუსთაველის სახელმწიფო უნივერსიტეტის მთავარი ბიბლიოთეკა წიგნსაცავი 2018-12-17 34.50 811.133.1 I-33 57835 2018-12-17 57835 2018-12-17 წიგნი 34.50 GEL.  
          ბათუმის შოთა რუსთაველის სახელმწიფო უნივერსიტეტის მთავარი ბიბლიოთეკა ბათუმის შოთა რუსთაველის სახელმწიფო უნივერსიტეტის მთავარი ბიბლიოთეკა წიგნსაცავი 2023-07-28 34.00 811.133.1 I-33 57806 2023-07-28 57806 2023-07-28 წიგნი 34ლ.50თ.